| 000 | 01115cam a2200277 i 4500 | ||
|---|---|---|---|
| 003 | SA-RiAUC | ||
| 005 | 20251102135707.0 | ||
| 008 | 251027s1962 su f l f000 0 ara c | ||
| 040 |
_aSA-JeALM _bara _cSA-RiAUC _erda |
||
| 043 | _aa-su--- | ||
| 082 | 0 | 4 | _a304.63026531 |
| 090 |
_a304.63026531 _bس ع و |
||
| 110 | 1 |
_aالسعودية _eمؤلف. |
|
| 240 | 1 | 0 | _aنظام المواليد والوفيات (1382 هـ) |
| 245 | 1 | 0 |
_aنظام المواليد والوفيات برقم 2 في شهر محرم 1382 هـ _cوزارة الصحة. |
| 264 | 1 |
_aمكة المكرمة : _bمطبعة الحكومة، _c[1962] |
|
| 300 |
_a15صفحة؛ _c24 سم. |
||
| 336 |
_aنص _btxt _2rdacontent _3كتاب |
||
| 337 |
_aبدون وسيط _bn _2rdamedia |
||
| 338 |
_aمجلد _bnc _2rdacarrier |
||
| 650 | 7 |
_aالمواليد _xقوانين وتشريعات _zالسعودية _2aucsh |
|
| 650 | 7 |
_aالوفيات _xقوانين وتشريعات _zالسعودية _2aucsh |
|
| 710 | 1 |
_aالسعودية. _bوزارة الصحة _eمؤلف. |
|
| 942 |
_2ddc _cBOOK _n0 |
||
| 949 |
_aSA-JeALM _d251027 _umohamedma123 _n1 |
||
| 999 |
_c12944 _d12944 |
||